000 01239cam a22002174a 4500
005 20250605163938.0
008 250528s ||||||||||||||||||||||||d
035 _a14922
020 _a133287335
040 _aGR-AtMCL
_bgre
_dGR-AtMCL
_eAACR2
245 1 _aComparative International Accounting / Fourth Edition
250 _a4th
260 _bPrentice Hall,
_c1995
300 _a500
520 _aThis book has examined the international dimensions of financial accounting and reporting in a coherent and comprehensive manner, fostering interest and growth in its development and teaching. Foreword, Preface, Context of International Accounting, Introduction and Causes of Differences, The Nature and Growth of MNEs, Financial Reporting in France, Financial Reporting in Germany, Financial Reporting in Japan, Financial Reporting in Four ''Asian Tiger'' Countries, Issues in International Accounting, Consolidation, Foreign Currency Translation, Segmental Reporting, Inflation Accounting, International Auditing, Classification and Harmonization of Corporate Income Taxes, Glossary of Abbreviations, Index.
700 1 _aNobes Christopher
_9726
700 1 _aParker Robert
_9727
942 _cBK
999 _c532
_d532